BIBLIOTECA

SENCICO

Calatrava : (Registro nro. 352)

Detalles MARC
000 -LEADER
fixed length control field 01401nam a2200337Ia 4500
003 - CONTROL NUMBER IDENTIFIER
control field PE SENCICO BE
005 - DATE AND TIME OF LATEST TRANSACTION
control field 20251020182435.0
008 - FIXED-LENGTH DATA ELEMENTS--GENERAL INFORMATION
fixed length control field 200515s9999 xx 000 0 und d
020 ## - INTERNATIONAL STANDARD BOOK NUMBER
International Standard Book Number 978-3-8365-7242-2
040 ## - CATALOGING SOURCE
Original cataloging agency PE SENCICO BE
Transcribing agency PE SENCICO BE
041 ## - LANGUAGE CODE
Language code of text/sound track or separate title spa
-- ita
-- por
082 ## - DEWEY DECIMAL CLASSIFICATION NUMBER
Classification number 720.92
Item number J65C
100 1# - MAIN ENTRY--PERSONAL NAME
Personal name Jodidio, Philip
9 (RLIN) 373
Relator term autor
245 10 - TITLE STATEMENT
Title Calatrava :
Remainder of title Santiago Calatrava complete works 1979 - today /
Statement of responsibility, etc. Philip Jodidio
250 ## - EDITION STATEMENT
Edition statement [1a ed.]
260 ## - PUBLICATION, DISTRIBUTION, ETC.
Place of publication, distribution, etc. Colonia, Alemania :
Name of publisher, distributor, etc. Taschen,
Date of publication, distribution, etc. 2018
300 ## - PHYSICAL DESCRIPTION
Extent 619 páginas :
Other physical details ilustraciones a color, láminas ;
Dimensions 30 cm.
504 ## - BIBLIOGRAPHY, ETC. NOTE
Bibliography, etc. note Bibliografía: p. 618-619.
520 ## - SUMMARY, ETC.
Summary, etc. Esta monografía actualizada de Calatrava incluye todas sus obras de colaboración originales, así como muchos de los proyectos más recientes, como la Estación Mediopadana de Reggio Emilia (Italia), el Museo del Mañana de Rio de Janeiro y obras en construcción como el Pabellón de los Emiratos Árabes Unidos para la Exposición de 2020 en Dubai.
600 10 - SUBJECT ADDED ENTRY--PERSONAL NAME
9 (RLIN) 1478
Personal name Calatrava, Santiago
Dates associated with a name 1951-
650 10 - SUBJECT ADDED ENTRY--TOPICAL TERM
Topical term or geographic name entry element Arquitectos
9 (RLIN) 282
650 20 - SUBJECT ADDED ENTRY--TOPICAL TERM
Topical term or geographic name entry element Arquitectura moderna
9 (RLIN) 191
650 20 - SUBJECT ADDED ENTRY--TOPICAL TERM
Topical term or geographic name entry element Diseño arquitectónico
9 (RLIN) 18
650 20 - SUBJECT ADDED ENTRY--TOPICAL TERM
Topical term or geographic name entry element Arquitectura urbana
9 (RLIN) 570
650 20 - SUBJECT ADDED ENTRY--TOPICAL TERM
Topical term or geographic name entry element Diseño urbano
9 (RLIN) 762
650 20 - SUBJECT ADDED ENTRY--TOPICAL TERM
Topical term or geographic name entry element Arquitectura occidental
9 (RLIN) 1450
650 20 - SUBJECT ADDED ENTRY--TOPICAL TERM
Topical term or geographic name entry element Puentes
9 (RLIN) 353
651 #0 - SUBJECT ADDED ENTRY--GEOGRAPHIC NAME
9 (RLIN) 1025
Geographic name España
942 ## - ADDED ENTRY ELEMENTS (KOHA)
Koha item type Libros
Source of classification or shelving scheme Dewey Decimal Classification
Existencias
Fecha de la última vez que lo usaron Número de ingreso o de inventario Pago total Signatura topográfica completa Precio efectivo desde Tipo de documento Estado perdido Sistema de clasificación Estado dañado No es para préstamo Retirado Ubicación permanente Ubicación actual Fecha de adquisición Fuente de adquisición
05/09/2023 16679   720.92/J65C 05/09/2023 Libros   Dewey Decimal Classification       Biblioteca Central Lima Biblioteca Central Lima 14/08/2023 Comprado de la librería Megabook